| 000 | 00531nam a22001817a 4500 | ||
|---|---|---|---|
| 008 | 130821s1999 cl gr spa | ||
| 020 | _a9562780902 | ||
| 040 |
_aCo-BoUCM _bspa |
||
| 041 | 0 | 0 | _aspa |
| 060 |
_aQS 604 _bH624e 7a.ed _21999 |
||
| 100 |
_aHib, José _9170611 |
||
| 245 | 0 | 0 |
_aEmbriología médica _cJosé Hib |
| 250 | _a7a.ed | ||
| 260 |
_aSantiago de Chile (Chile) _bMcGraw Hill-Interamericana _c1999 |
||
| 300 | _a268 páginas | ||
| 650 | 0 | 4 |
_aEmbriología _9178 |
| 942 |
_cLIBRO _a15 _e7 _mH624e _2NLM _hQS 604 _n0 |
||
| 999 |
_c83629 _d83629 |
||